Normal view
MARC view
- THIN FILM DEVICES-DESIGN AND CONSTRUCTION
Entry Topical Term
001 - CONTROL NUMBER
- control field: 63470
003 - CONTROL NUMBER IDENTIFIER
- control field: NUST
005 - DATE AND TIME OF LATEST TRANSACTION
- control field: 20210628203126.0
008 - FIXED-LENGTH DATA ELEMENTS
- fixed length control field: 210628|| aca||aabn | a|a d
040 ## - CATALOGING SOURCE
- Original cataloging agency: NUST
- Transcribing agency: NUST
150 ## - HEADING--TOPICAL TERM
- Topical term or geographic name entry element: THIN FILM DEVICES-DESIGN AND CONSTRUCTION
670 ## - SOURCE DATA FOUND
- Source citation: Work cat.: (NUST): Seshan, Krishna 63469, Handbook of thin film deposition processes and techniques , principles, methods, equpment and applicaitons, 2002
